000
00216nam a22000857a 4500
008
170127b xxu||||| |||| 00| 0 eng d
100
_9
2590
_a
Basu.S.
245
_a
General Knowledge-5
260
_a
New Delhi
_b
Brittanica
_c
2011
999
_c
5725
_d
5725